Länder der Welt zuordnen - Statistiken

Allgemein
  • Dieses Quiz wurde 274 mal gespielt
  • Das Durchschnittsergebnis liegt bei 88 aus 196
Antworten auf der Karte
Die Antworten werden auf der Karte rot bzw. grün angezeigt, abhängig davon wie oft sie richtig erraten wurden.
 
Antwortstatistiken
Antwort % Korrekt
Ägypten
69%
Deutschland
69%
Japan
69%
Belgien
65%
China
65%
Irland
65%
Australien
64%
Demokratische
Republik Kongo
63%
Frankreich
62%
Algerien
61%
Argentinien
61%
Brasilien
61%
Albanien
60%
Dänemark
60%
Österreich
60%
Schweden
60%
Vereinigtes Königreich
60%
Vereinigte Staaten
60%
Äthiopien
59%
Chile
59%
Kanada
58%
Schweiz
58%
Belarus
57%
Indien
57%
Island
57%
Italien
57%
Estland
56%
Finnland
56%
Griechenland
56%
Indonesien
56%
Peru
56%
Polen
56%
Portugal
56%
Russland
56%
Südafrica
56%
Afghanistan
55%
Mexiko
55%
Panama
55%
Türkei
55%
Kasachstan
54%
Malta
54%
Neuseeland
54%
Philippinen
54%
Saudi-Arabien
54%
Spanien
54%
Marokko
53%
Rumänien
53%
Zypern
53%
Bangladesch
52%
Iran
52%
Kroatien
52%
Madagaskar
52%
Nordkorea
52%
Norwegen
52%
Südkorea
52%
Vietnam
52%
Armenien
51%
Bosnien und
Herzegowina
51%
Kambodscha
51%
Lettland
51%
Taiwan
51%
Tschechien
51%
Tunesien
51%
Vereinigte Arabische Emirate
51%
Bulgarien
50%
Litauen
50%
Thailand
50%
Ukraine
50%
Andorra
49%
Bahamas
49%
Mongolien
49%
Papua Neuguinea
49%
Angola
48%
Aserbaidschan
48%
Bhutan
48%
Jemen
48%
Kap Verde
48%
Libyen
48%
Luxemburg
48%
Malediven
48%
Nepal
48%
Netherlands
48%
Pakistan
48%
Paraguay
48%
Sri Lanka
48%
Sudan
48%
Zentralafrikanische Republik
48%
Irak
47%
Kuba
47%
Südsudan
47%
Äquatorialguinea
46%
Bolivien
46%
Ecuador
46%
Israel
46%
Mali
46%
Namibia
46%
Venezuela
46%
Eritrea
45%
Laos
45%
Oman
45%
Tschad
45%
Costa Rica
44%
El Salvador
44%
Eswatini
44%
Katar
44%
Kenia
44%
Komoren
44%
Malaysia
44%
Niger
44%
Nigeria
44%
Nordmazedonien
44%
Serbien
44%
Slowakei
44%
Slowenien
44%
Somalia
44%
Belize
43%
Elfenbeinküste
43%
Georgien
43%
Lesotho
43%
Liechtenstein
43%
Mauritanien
43%
Benin
42%
Kolombien
42%
Kosovo
42%
Mauritius
42%
Moldau
42%
Senegal
42%
Seychellen
42%
Ungarn
42%
Uruguay
42%
Botswana
41%
Burkina Faso
41%
Kamerun
41%
Ruanda
41%
Dominikanische
Republik
40%
Dschibuti
40%
Haiti
40%
Jordanien
40%
Kuwait
40%
Myanmar
40%
Republik Kongo
40%
São Tomé
und Príncipe
40%
Simbabwe
40%
Tansania
40%
Togo
40%
Vatikanstadt
40%
Ghana
39%
Jamaika
39%
Kirgisistan
39%
Libanon
39%
Nicaragua
39%
Singapur
39%
Syrien
39%
Usbekistan
39%
Malawi
38%
Montenegro
38%
Uganda
38%
Guatemala
37%
Guyana
37%
Liberia
37%
Monaco
37%
Mosambik
37%
Tadschikistan
37%
Guinea
36%
Suriname
36%
Turkmenistan
36%
Burundi
35%
Guinea-Bissau
35%
Osttimor
35%
Sambia
35%
Sierra Leone
35%
Honduras
34%
Trinidad und
Tobago
32%
Bahrain
31%
Gabun
31%
San Marino
31%
Gambia
30%
Marshallinseln
30%
Mikronesien
30%
Brunei
29%
Kiribati
29%
Fidschi
28%
Nauru
26%
Palau
24%
Saint Lucia
23%
Salomonen
23%
Samoa
22%
Antigua und
Barbuda
21%
Dominica
20%
Grenada
20%
Tonga
20%
Barbados
19%
Tuvalu
19%
Vanuatu
19%
Saint Kitts
und Nevis
15%
Saint Vincent
und die
Grenadinen
15%
Keine übereinstimmenden Quizze gefunden
Verteilung der Resultate
Anzahl Personen mit jedem Resultat
Perzentil nach korrekt beantworteten Fragen
Ihre Resultats-Entwicklung
Sie haben dieses Quiz noch nicht gespielt